Last Five Countries Alphabetically by Continent - Statistics

General Stats
  • This quiz has been taken 153,319 times
  • The average score is 21 of 30
Answer Stats
Continent Country % Correct
Africa Zimbabwe
96%
Africa Zambia
94%
South America Venezuela
89%
South America Uruguay
88%
Europe United Kingdom
83%
North America United States
82%
South America Paraguay
81%
Oceania Vanuatu
79%
South America Peru
78%
South America Suriname
78%
Asia Yemen
78%
Oceania Tuvalu
75%
Africa Uganda
74%
Europe Vatican City
71%
Oceania Tonga
70%
Europe Ukraine
70%
North America Trinidad & Tobago
69%
Asia Vietnam
69%
North America St. Kitts & Nevis
68%
Asia Uzbekistan
68%
North America Saint Lucia
67%
Oceania Samoa
66%
Oceania Solomon Islands
65%
North America St. Vincent & the Grenadines
65%
Europe Sweden
61%
Africa Togo
55%
Europe Switzerland
54%
Asia Turkmenistan
53%
Asia United Arab Emirates
49%
Africa Tunisia
44%
No matching quizzes found
Score Distribution
Percent of People with Each Score
Percentile by Number Answered
Your Score History
You have not taken this quiz